| 000 | 00581nam a22001937a 4500 | ||
|---|---|---|---|
| 005 | 20180828152507.0 | ||
| 010 | _aENG-123859 | ||
| 020 |
_a9789386021601 _c499.00 |
||
| 035 | _aEN-107391 | ||
| 037 | _bDBAD/PUB. | ||
| 082 | _a304.6670954 | ||
| 100 | _aSur, Chand | ||
| 245 |
_aThe lucknow cookbook / _cby Chand Sur [and] Sunita Kohli |
||
| 260 |
_aNew Delhi _bAleph Book Company _c2017 |
||
| 270 |
_a7/16, Ansari Road, Daryaganj _bNew Delhi _e110002 |
||
| 300 | v |
_axv,229p. _c22cm(pbk.) _bill. |
|
| 700 | _aKohli, Sunita | ||
| 942 |
_2ddc _cEN _mSUR _h641.595413 |
||
| 999 |
_c156290 _d156290 |
||